书目信息 |
| 题名: |
参考咨询基础知识问答
|
|
| 作者: | 卢子博 , 倪波 主编 | |
| 分册: | ||
| 出版信息: | 北京 书目文献出版社 1986 |
|
| 页数: | 127页 | |
| 开本: | 19cm | |
| 丛书名: | 《图书馆业务基础知识问答》丛书 | |
| 单 册: | ||
| 中图分类: | G252.6 | |
| 科图分类: | ||
| 主题词: | 参考咨询 | |
| 电子资源: | ||
| ISBN: | ||
| 000 | 00768nam2 2200265 45 | |
| 001 | 0186018689 | |
| 005 | 20060802170223.70 | |
| 010 | @dCNY0.75 | |
| 091 | @a7201.93 | |
| 100 | @a19900726d1986 k y0chiy0121 ea | |
| 101 | 0 | @achi |
| 102 | @aCN@b110000 | |
| 105 | @ay z 000yy | |
| 200 | 10 | @a参考咨询基础知识问答@Acan kao zi xun ji chu zhi shi wen da@f卢子博,倪波主编@FLu Zi Bo,Ni Bo Zhu Bian |
| 210 | @a北京@c书目文献出版社@d1986 | |
| 215 | @a127页@d19cm | |
| 225 | 2 | @a《图书馆业务基础知识问答》丛书@v8 |
| 410 | 0 | @120010@a《图书馆业务基础知识问答》丛书 |
| 606 | @a参考咨询 | |
| 690 | @aG252.6@v3 | |
| 701 | 0 | @a卢子博@4主编 |
| 701 | 0 | @a倪波@4主编 |
| 801 | 0 | @aCN@b深圳图书馆@c20060802 |
| 801 | 2 | @aCN@bNLC@c20060802 |
| 905 | @dG252.6@e2@f1@b168505 | |
| 参考咨询基础知识问答/卢子博,倪波主编.-北京:书目文献出版社,1986 |
| 127页;19cm.-(《图书馆业务基础知识问答》丛书;8) |
| ISBN :CNY0.75 |
| ● |
| 相关链接 |
|
|
|
|
正题名:参考咨询基础知识问答
索取号:G252.6/2
 
预约/预借
| 序号 | 登录号 | 条形码 | 馆藏地/架位号 | 状态 | 备注 |
| 1 | 0168502 | 000501567 | 密集书库/ [索取号:G252.6/2] | 在馆 | |
| 2 | 0168503 | 000501549 | 密集书库/ [索取号:G252.6/2] | 在馆 | |
| 3 | 0168504 | 000501558 | 密集书库/ [索取号:G252.6/2] | 在馆 | |
| 4 | 0168505 | 002004958 | 密集书库/ [索取号:G252.6/2] | 在馆 | |
| 5 | 0168506 | 000501530 | 第一样本阅览室/ [索取号:G252.6/2] | 在馆 | |
| 6 | 0441917 | 204419174 | 密集书库/ [索取号:G252.6/2] | 在馆 | |
| 7 | 0441949 | 204419496 | 密集书库/ [索取号:G252.6/2] | 在馆 | |
| 8 | 0441987 | 204419879 | 密集书库/ [索取号:G252.6/2] | 在馆 | |
| 9 | 0441988 | 204419888 | 密集书库/ [索取号:G252.6/2] | 在馆 |